000 00364nam a2200145Ia 4500
008 230405s9999 xx 000 0 und d
020 _a9788176117805
082 _a930
_bKHAM
100 _aYakub Ali Khan &Shyam sundra Sharma
245 0 _aMadhyayugin Etihasik Nibandh
260 _aJaipur
_bRBSA Publishers
300 _a248
650 _a History
942 _cBK
999 _c1434
_d1434